| 000 | 00598nam a2200229Ia 4500 | ||
|---|---|---|---|
| 008 | 160819s9999 xx 000 0 und d | ||
| 020 | _a0-399-53155-6 | ||
| 050 | _aCUL TX 832 | ||
| 050 | _b.L86 2005 | ||
| 100 | _aLund, JoAnna M. | ||
| 245 | _aCooking healthy with a microwave : | ||
| 245 | _ba healthy exchanges cookbook / | ||
| 245 | _cJoAnna M. Lund with Barbara Alpert. | ||
| 260 | _aNew York : | ||
| 260 | _bPerigee, | ||
| 260 | _c2005 | ||
| 300 | _a369 pages : | ||
| 300 | _billustrations ; | ||
| 300 | _c21 cm. | ||
| 500 | _aIncludes index. | ||
| 650 | _aMicrowave cookery. | ||
| 999 |
_c300685 _d300685 |
||